000 005190000a22001810004500
003 LK-CoMWRAF
005 20231027144451.0
008 230817t1997 ||||| |||| 00| 0 eng d
020 _a955906245X
040 _aLK-CoMWRAF
_dLK-CoMWRAF
_eLK-CoMWRAF
041 _aeng
082 _a323.4
_bSRI
245 _aSri Lanka:
_bstate of human rights 1997
260 _aColombo:
_bLaw & Society Trust,
_c1997
300 _axviii, 315p. : 22 cm
_bBibliography and index included
650 _aCIVIL RIGHTS-Sri Lanka
942 _cBK
999 _c2507
_d2507